Γαλάζια μάτια

Αποθηκεύτηκε σε:
Λεπτομέρειες βιβλιογραφικής εγγραφής
Κύριος συγγραφέας: Morrison, Toni
Άλλοι συγγραφείς: Σχινά, Κατερίνα (trlf)
Μορφή: Βιβλίο
Γλώσσα:Greek
Δημοσίευση: Αθήνα : Νεφέλη, 1995.
Σειρά:Ξένη λογοτεχνία (Νεφέλη)
Θέματα:
Ετικέτες: Προσθήκη ετικέτας
Δεν υπάρχουν, Καταχωρήστε ετικέτα πρώτοι!

MARC

LEADER 00000cam a2200000 i 4500
001 1/32256
008 960730s1995####gr | ||| |||| ||gre||
020 |a 9602112069 
035 |1 ΕΛΗ  |a 1996  |b 2507  |c ΒΙΒΛΙΟΘΗΚΗ  |l 10039050 
040 |a GR-MyUA  |b gre  |e AACR2 
041 1 |a gre 
082 0 |a 813  
100 1 |a Morrison, Toni. 
245 1 0 |a Γαλάζια μάτια /   |c Τόνι Μόρρισον ; μετάφραση Κατερίνα Σχινά.  
260 |a Αθήνα :   |b Νεφέλη,   |c 1995.  
300 |a 237 σ. ;   |c 21 εκ.  
490 1 |a (Νεφέλη/Ξένη Λογοτεχνία)  
650 0 0 |a American fiction. 
700 1 |a Σχινά, Κατερίνα,  |e trlf 
830 0 |a Ξένη λογοτεχνία (Νεφέλη) 
852 |a INST  |b SAMOS  |e 19960730  |h 813 MOR  |p 005300009424  |q 005300009424  |t BK  |y 0 
901 |a BIBL-1997-1 
909 |a Σ  |b 041698